00349nam a2200145Ia 4500008004100000020001700041041000800058082001300066100001400079245002400093260002500117300003000142365001700172700001400189230718s9999 xx 000 0 und d a978382226710 aeng a535bJAN aAuster J. aContemporary Optics c2013bRandom Exports a320dRef 827 I ME (45277) cRs.b1495.00 aAuster J.